ბათუმის შოთა რუსთაველის სახელმწიფო უნივერსიტეტის ბიბლიოთეკა

შაჰნავაზიანი (ბიბ.ჩანაწერი № 43623)

000 -LEADER
fixed length control field 00851nam a2200241Ia 4500
001 - CONTROL NUMBER
control field 10358
003 - CONTROL NUMBER IDENTIFIER
control field GE_BSU
008 - FIXED-LENGTH DATA ELEMENTS--GENERAL INFORMATION
fixed length control field 181216s||||||||xx |||||||||||||| ||und||
040 ## - CATALOGING SOURCE
Transcribing agency GE_BSU
080 ## - UNIVERSAL DECIMAL CLASSIFICATION NUMBER
Universal Decimal Classification number 821.353.1–11
100 ## - MAIN ENTRY--PERSONAL NAME
Personal name ფეშანგი
245 ## - TITLE STATEMENT
Title შაჰნავაზიანი
245 ## - TITLE STATEMENT
Remainder of title ისტორიული რომანი
245 ## - TITLE STATEMENT
Statement of responsibility, etc. რედ.გ.ლეონიძე,ს.იორდანიშვილი.რედ.შ.რადიანი
260 ## - PUBLICATION, DISTRIBUTION, ETC.
Place of publication, distribution, etc. ტფილისი
260 ## - PUBLICATION, DISTRIBUTION, ETC.
Name of publisher, distributor, etc. სახელგამი
260 ## - PUBLICATION, DISTRIBUTION, ETC.
Date of publication, distribution, etc. 1935
300 ## - PHYSICAL DESCRIPTION
Extent 216გვ.24სმ.
300 ## - PHYSICAL DESCRIPTION
Accompanying material საძიებელი და ლექსიკონი გვ.191-214
653 ## - INDEX TERM--UNCONTROLLED
Uncontrolled term ისტორიული რომანი
653 ## - INDEX TERM--UNCONTROLLED
Uncontrolled term შაჰნავაზიანი
942 ## - ADDED ENTRY ELEMENTS (KOHA)
Koha item type წიგნი
ეგზემპლარები
Withdrawn status Lost status Damaged status Not for loan Date acquired Barcode Date last seen Price effective from Koha item type
        2018-12-17 34063 2018-12-17 2018-12-17 წიგნი
        2018-12-17 34064 2018-12-17 2018-12-17 წიგნი